000 01280cam a22003134a 4500
001 11965231
003 USPCAS-E
005 20180118181422.0
008 000405s2000 enka b 001 0 eng
010 _a 00039931
020 _a0471983209
040 _aDLC
_cDLC
_dDLC
042 _apcc
050 0 0 _aQA377
_b.T48 2000
082 0 0 _a621.402201515354
_221
_bTHE 2000
245 0 0 _aThermal quadrupoles :
_bsolving the heat equation through integral transforms /
_cDenis Maillet ... [et al.].
260 _aChichester ;
_aNew York :
_bWiley,
_c2000.
300 _axiii, 370 p. :
_bill. ;
_c26 cm.
502 _a.
504 _aIncludes bibliographical references and index.
650 0 _aHeat equation
_xNumerical solutions.
650 0 _aIntegral transforms.
700 1 _aMaillet, Denis.
856 4 2 _3Publisher description
_uhttp://www.loc.gov/catdir/description/wiley032/00039931.html
856 4 _3Table of Contents
_uhttp://www.loc.gov/catdir/toc/onix03/00039931.html
906 _a7
_bcbc
_corignew
_d1
_eocip
_f20
_gy-gencatlg
942 _2ddc
_cBK
999 _c356062
_d356062